| 000 | 00982nam a2200241 a 4500 | ||
|---|---|---|---|
| 001 | BRCA_4323 | ||
| 005 | 20190320204628.0 | ||
| 008 | 250610s1975----mx-ah#####---#000-0#spa-# | ||
| 041 | _aspa | ||
| 044 | _amx | ||
| 050 | 4 |
_aF1230 _b.G37 1975 |
|
| 100 | 1 |
_aGarcía Panes, Diego _d1730-1811 _911084 |
|
| 245 | 1 | 0 |
_aPanorama de Anáhuac _bselección de láminas y textos de los tomos III y IV del Theatro de Nueva España _cDiego García Panes ; con introducción y notas de Ernesto de la Torre Villar. |
| 260 |
_aMéxico _bCelanese Mexicana ; San Ángel _c1975 |
||
| 300 |
_a40 p. _bil. a color, 31 láminas _c44 cm. |
||
| 500 | _aFasímil de: tomos III y IV del Theatro de Nueva España | ||
| 500 | _aIncluye índice onomástico | ||
| 500 | _aPor su formato NO se presta a domicilio | ||
| 650 | 1 | 4 |
_aIndios de México _vTrabajos Ilustrados _xHistoria _911085 |
| 651 | 4 |
_aMéxico _xHistoria _yConquista 1519-1540 _9442 |
|
| 700 | 1 |
_aTorre Villar, Ernesto de la _911086 |
|
| 942 |
_2lcc _cB |
||
| 999 |
_c4034 _d4034 |
||